AH International Schools' Libraries

The forgetful sheep(KHMER) / (Record no. 48865)

MARC details
000 -LEADER
fixed length control field 00347nam a2200121 4500
020 ## - INTERNATIONAL STANDARD BOOK NUMBER
International Standard Book Number 9789924350552
100 ## - MAIN ENTRY--PERSONAL NAME
Personal name Yan, Sreylin
9 (RLIN) 86231
245 ## - TITLE STATEMENT
Title The forgetful sheep(KHMER) /
Statement of responsibility, etc Yan Sreylin & Yom Loychoy
260 ## - PUBLICATION, DISTRIBUTION, ETC. (IMPRINT)
Place of publication, distribution, etc Cambodia
Name of publisher, distributor, etc S.J. Metta Karuna
Date of publication, distribution, etc 2024
300 ## - PHYSICAL DESCRIPTION
Extent 22 p.
Other physical details col. ill.
Dimensions 22 cm.
650 ## - SUBJECT ADDED ENTRY--TOPICAL TERM
Topical term or geographic name as entry element Khmer fiction
9 (RLIN) 80279
942 ## - ADDED ENTRY ELEMENTS (KOHA)
Source of classification or shelving scheme
Koha item type Book
Holdings
Withdrawn status Lost status Source of classification or shelving scheme Damaged status Not for loan Collection code Home library Current library Date acquired Total Checkouts Full call number Barcode Date last seen Date checked out Price effective from Koha item type Checked out Shelving location
          Siem Riep Asian Hope Early Years Library Asian Hope Early Years Library 05/22/2025 8 KHMER E YAN 207983 04/01/2026 04/01/2026 05/22/2025 Book 04/01/2026 Easy Reading
          Siem Riep Asian Hope Early Years Library Asian Hope Early Years Library 05/22/2025 11 KHMER E YAN 208074 04/29/2026 04/29/2026 05/22/2025 Book 04/29/2026 Easy Reading
          Siem Riep Asian Hope Early Years Library Asian Hope Early Years Library 03/13/2026   KHMER E YAN 209910 03/13/2026   03/13/2026 Book   Easy Reading
          Siem Riep Asian Hope Primary Library Asian Hope Primary Library 04/23/2025 15 KHMER E YAN 207839 04/22/2026 04/08/2026 04/23/2025 Book    
          Siem Riep Asian Hope Primary Library Asian Hope Primary Library 05/01/2025 11 KHMER E YAN 207832 04/02/2026 04/02/2026 05/01/2025 Book 04/09/2026  

For any Logos Library related questions please contact Miss Art at swongnarasuk@asianhope.org.

For any Asian Hope Library related questions please contact Miss Raza at graza@asianhope.org.

Powered by Koha